|
|
|
|
| LEADER |
00000nab a2200000 ar4500 |
| 001 |
vtls008963006 |
| 003 |
SK-MaSNL |
| 005 |
20260303070738.0 |
| 008 |
070411c2006 xo |||||||||||000 b|slo |
| 015 |
|
|
|a SNBRB2007/04
|2 snkbucl
|
| 038 |
|
|
|a SNKBUCL
|
| 040 |
|
|
|a SNKBUCL
|b slo
|c SNKBUCL
|e AACR2
|
| 041 |
0 |
|
|a slo
|
| 044 |
|
|
|a xo
|c SK
|
| 080 |
|
|
|a 54-051
|2 1997
|
| 080 |
|
|
|a 37-051
|2 1997
|
| 080 |
|
|
|a 929 Marko, Miloš
|2 1997
|
| 080 |
|
|
|a 66-051
|2 1997
|
| 100 |
1 |
|
|a Karvaš, Milan,
|d 1932-
|4 aut
|9 112317
|
| 245 |
1 |
0 |
|a Spomienka na prof. Miloša Marka
|c M. Uher
|
| 500 |
|
|
|a V nasledujúcom čísle časopisu je errata: Autorom článku je M. Karvaš a nie M. Uher
|
| 600 |
1 |
7 |
|a Marko, Miloš,
|d 1906-1998
|2 snkbucl
|9 170366
|
| 773 |
0 |
|
|t ChemZi
|g Roč. 2, č. 1 (2006), s. 40
|x 1336-7242
|
| 852 |
|
|
|a SNK
|b KIS3GCP
|
| 958 |
|
|
|a SK
|
| 958 |
|
|
|a BX
|
| 999 |
|
|
|c 1756745
|d 1758675
|